Fact... or Misconception #2 - Statistics

General Stats
  • This quiz has been taken 27,668 times
  • The average score is 11 of 15
Answer Stats
Question Answer % Correct
Reindeer exist in real life Fact
95%
China exports more goods and services than any other country Fact
83%
Except for child mortality, life expectancy in 2024 is the same as it was in the Stone Age Misconception
83%
The level of carbon dioxide in the atmosphere has been increasing since the start of the Industrial Revolution Fact
81%
The Matterhorn in the Swiss Alps has never been climbed Misconception
81%
Sounds don't travel in the vacuum of outer space Fact
78%
The Aztecs practiced human sacrifice Fact
78%
Cats sleep more than horses Fact
72%
Someone once won the marathon at the Summer Olympics running barefoot Fact
71%
Facebook is banned in China Fact
71%
A zillion is a number equal to 1000 trillion Misconception
71%
The Sahara is the world's largest desert Misconception
67%
Winter is colder than summer because the Earth is further from the Sun Misconception
67%
Most educated Europeans in the time of Christopher Columbus thought the world was flat Misconception
49%
The word "octopuses" is incorrect Misconception
47%
No matching quizzes found
Score Distribution
Percent of People with Each Score
Percentile by Number Answered
Your Score History
You have not taken this quiz